000 00478cam a22001817a 4500
001 001941
003 armpunfd
005 20140612090654.0
008 060515e0####xx#a##########000#0#und#d
040 _aarmpunfd
_carmpunfd
080 _a35 C 16
100 1 0 _a Canale Gustavo
245 1 0 _aResponsabilidad del estado por su actividad licita
260 _a Mar Del Plata
650 7 _a Responsabilidad Del Estado
_2LEMB
942 _cLB
_2cdu
945 _aCatalis
_d2010-08-19
999 _c1932
_d232436